Romance Anime description - Statistics

General Stats
  • This quiz has been taken 211 times
  • The average score is 5 of 17
Answer Stats
Description Anime % Correct
Bro got to teach 5 girls same birthday The Quintessential Quintuplets
65%
“Married life” School program More than a married couple
63%
2016 Bro swaps body with 2013 Her Your Name
62%
“PUBERTY SYNDROME” Rascal Does NotDream Of Bunny Girl Senpai
60%
Bro regret to be bully in past after he feel what she feels A Silent Voice
53%
Bro have got to talk torussian ahh girl Alya Sometimeshides her feelings in russian
43%
A pathethic boy just wanna to date her Rent A Girlfriend
35%
A Girl wants to know what is “I love you” means Violet Evergarden
20%
Bro accidentally meetdissability girl and have to be her service Josee the tiger and the fish
15%
Bro Just wanna find the “promised” ahh girl Nisekoi
15%
Bro got stabbed in the endof episode by yandere School Days
7%
Bro Have to be friend with “Rejected” Ahh girl Too many losing heroine
7%
Bro Got 100 Chickafter being rejected by 100 Chick 100 Girlfriends who really really really really really love you
3%
Bro Got to face a delusional ahh girl Chuunibyou
2%
Bro got married after rescued by her Fly me to the moon
2%
Bro is become toy by junior Dont toy with me ms nagatoro
1%
Bro accidentally meet smile looking ahh girl which is at the next door school The fragnant flowers blooms with diginity
0%
No matching quizzes found
Score Distribution
Percent of People with Each Score
Percentile by Number Answered
Your Score History
You have not taken this quiz